000 00794nam a2200253Ia 4500
003 OSt
005 20221005060202.0
006 a|||||r|||| 00| 0
007 ta
008 221004b |||||||| |||| 00| 0 eng d
020 _a9781780233529 (hbk)
_c2491.25
024 _a24175
037 _b107056, 22/12/2015, International Book Distributors
_cTextual
040 _aCRL
_cCRL
_beng
041 _2eng
_aeng
082 _aJ3.2, Q5
100 _aSen Colleen Taylor
_9599437
245 0 _aFeast and fasts
_b A history of food in India
260 _aLondon
_bReaktion Books ltd. UK
_c2015
300 _a349p.
_ccm.
650 _aAGRICULTURE
942 _hJ3.2, Q5
_cTEXL
_2cc
999 _c966298
_d966298